100 Most Popular People On Famous Birthdays - Statistics

General Stats
  • This quiz has been taken 420 times
  • The average score is 17 of 100
Answer Stats
Rank Answer Profession % Correct
1 Charli D'Amelio TikTok Star
68%
18 Taylor Swift Pop Singer
59%
5 Ariana Grande Pop Singer
52%
4 Justin Bieber Pop Singer
50%
71 Cristiano Ronaldo Soccer Player
46%
22 Kim Kardashian Reality Star
46%
6 Addison Rae TikTok Star
45%
12 PewDiePie YouTube Star
45%
55 Donald Trump US President
44%
14 Dixie D'Amelio TikTok Star
43%
96 Lionel Messi Soccer Player
42%
19 Kylie Jenner Reality Star
41%
81 LeBron James Basketball Player
40%
15 Selena Gomez Pop Singer
39%
66 Barack Obama US President
38%
48 Drake Rapper
36%
27 Beyoncé Pop Singer
35%
74 Kendall Jenner Model
35%
88 Dwayne Johnson Movie Actor
31%
83 Rihanna Pop Singer
29%
77 Katy Perry Pop Singer
26%
34 Michael Jackson Pop Singer
26%
31 Jake Paul YouTube Star
25%
21 Billie Eilish Pop Singer
24%
42 Harry Styles Pop Singer
24%
51 Logan Paul YouTube Star
24%
32 Nicki Minaj Rapper
24%
52 Zendaya TV Actress
23%
25 Cardi B Rapper
22%
11 Jojo Siwa YouTube Star
21%
40 Tom Holland Movie Actor
21%
60 Kobe Bryant Basketball Player
20%
24 Millie Bobby Brown TV Actress
20%
17 Shawn Mendes Pop Singer
18%
29 Bryce Hall Instagram Star
17%
16 James Charles Instagram Star
17%
100 John Cena Wrestler
17%
8 Maddie Ziegler Dancer
17%
87 Skai Jackson TV Actress
17%
86 KSI YouTube Star
16%
78 Miley Cyrus Pop Singer
16%
7 Chase Hudson TikTok Star
15%
10 Mackenzie Ziegler Dancer
14%
95 Sabrina Carpenter TV Actress
14%
2 Annie LeBlanc YouTube Star
13%
9 Loren Gray Pop Singer
13%
26 XXXTENTACION Rapper
13%
75 Camila Cabello Pop Singer
11%
13 Piper Rockelle YouTube Star
11%
28 Avani Gregg TikTok Star
10%
33 David Dobrik YouTube Star
10%
41 Hayley LeBlanc YouTube Star
10%
30 Josh Richards TikTok Star
10%
91 Ninja Mixer Star
10%
45 Brent Rivera YouTube Star
9%
54 Caleb Logan LeBlanc YouTube Star
8%
3 Jacob Sartorius Pop Singer
8%
82 Madison Beer Pop Singer
8%
39 Tory Lopez TikTok Star
8%
20 Baby Ariel Pop Singer
7%
59 Dove Cameron TV Actress
7%
62 Finn Wolfhard TV Actor
7%
84 Jordyn Jones Dancer
7%
99 Lexi Rivera Instagram Star
7%
79 Mads Lewis Instagram Star
7%
65 Noah Schnapp TV Actor
7%
49 Asher Angel TV Actor
6%
76 Coco Quinn Dancer
6%
38 Emma Chamberlain YouTube Star
6%
57 Lil Pump Rapper
6%
53 Liza Koshy YouTube Star
6%
68 Nessa Barrett TikTok Star
6%
63 Shane Dawson TikTok Star
6%
94 Tana Mongeau YouTube Star
6%
23 Cash Baker Pop Singer
5%
46 Cole Sprouse TV Actor
5%
93 DanTDM YouTube Star
5%
70 Gavin Magnus Pop Singer
5%
80 Jeffree Star Pop Singer
5%
43 Lele Pons YouTube Star
5%
50 Colleen Ballinger YouTube Star
4%
72 Ethan Dolan YouTube Star
4%
69 Grayson Dolan YouTube Star
4%
56 Hayden Summerall Pop Singer
4%
61 Jaden Hossler TikTok Star
4%
47 Johnny Orlando Pop Singer
4%
36 MattyB Rapper
4%
67 Maverick Baker Pop Singer
4%
37 RiceGum YouTube Star
4%
73 Zac Efron Movie Actor
4%
92 Alissa Violet Instagram Star
3%
98 Cameron Boyce TV Actor
3%
44 Cameron Dallas Instagram Star
3%
35 Payton Moormeier TikTok Star
3%
97 Savannah LaBrant YouTube Star
3%
58 Tayler Holder Instagram Star
3%
90 Tessa Brooks YouTube Star
3%
64 Zoe LaVerne YouTube Star
3%
85 Anthony Reeves TikTok Star
2%
89 Mattia Polibio TikTok Star
2%
No matching quizzes found
Score Distribution
Percent of People with Each Score
Percentile by Number Answered
Your Score History
You have not taken this quiz